| 000 | 00484nam a2200181 a 4500 | ||
|---|---|---|---|
| 005 | 20140310183308.0 | ||
| 008 | 050908s19uu xx 00 eng d | ||
| 020 | _a1-58255-131-6 | ||
| 050 |
_aRT 42.A43 _b.Sp65 2002 |
||
| 245 | _aSpringhouse review for NCLEX-RN./ | ||
| 250 | _a5th ed. | ||
| 260 |
_aPennsylvania : _bSpringhouse, _c2002. |
||
| 300 |
_a653 p. : _c25 cm. |
||
| 521 | _aNUR | ||
| 650 |
_aNursing _xExamination Questions. |
||
| 942 |
_cBK _2lcc _kFOR |
||
| 999 |
_c21108 _d21108 |
||